000 00330nam a2200145Ia 4500
100 _aArtobolevsky/Ivan I
490 _v1
942 _cBK
654 _amechanism
245 _aMechanism in modern engineering design
260 _bMir publishers
_aMoscow
_c1994
082 _a620.00425
_bART
300 _a663
546 _aENGLISH
999 _c25956
_d25956